000 00479nam a2200157Ia 4500
003 OSt
005 20251211100629.0
008 211028s2017 xx 000 0 und d
040 _cAIMIT LIBRARY
041 _aeng
100 _aRajkumar, Disha; Kumar, Rakesh.
_98686
_e151908
110 _aRakesh Kumar
_98687
245 _aImplementation of training management system for providing a solution to organizational training needs.
260 _aMangalore
_c2017
942 _2ddc
_cPRO
999 _c220012
_d220012